[Event "Staufer op-A 28th"]
[Site "Schwaebisch Gmuend"]
[Date "2016.01.03"]
[Round "4"]
[White "Haag, Ulrich"]
[Black "Skembris, Spyridon"]
[Result "0-1"]
[WhiteElo "2145"]
[BlackElo "2416"]
[PlyCount "31"]
[EventDate "2016.01.02"]
[EventType "swiss"]
[EventRounds "9"]
[EventCountry "GER"]
[SourceTitle "CBM 170 Extra"]
[Source "ChessBase"]
[SourceDate "2016.02.25"]
[SourceVersion "1"]
[SourceVersionDate "2016.02.25"]
[SourceQuality "1"]

1. d4 Nf6 2. Bg5 c5 3. Bxf6 gxf6 4. e3 Qb6 5. b3 cxd4 6. exd4 d5 7. g3 Nc6 8. c3 e5 9. Nh3 h5 10. dxe5 Bg4 11. f3 Qe3+ 12. Qe2 Qxf3 13. Qxf3 Bxf3 14. Rg1 Bc5 15. Nf2 0-0-0 16. Nd2 0-1

[Event "Staufer op-A 28th"]
[Site "Schwaebisch Gmuend"]
[Date "2016.01.02"]
[Round "2"]
[White "Haag, Ulrich"]
[Black "Gheng, Josef"]
[Result "1/2-1/2"]
[WhiteElo "2145"]
[BlackElo "2317"]
[PlyCount "72"]
[EventDate "2016.01.02"]
[EventType "swiss"]
[EventRounds "9"]
[EventCountry "GER"]
[SourceTitle "CBM 170 Extra"]
[Source "ChessBase"]
[SourceDate "2016.02.25"]
[SourceVersion "1"]
[SourceVersionDate "2016.02.25"]
[SourceQuality "1"]

1. d4 Nf6 2. Bg5 c6 3. Bxf6 exf6 4. c3 d6 5. g3 Be7 6. Bg2 0-0 7. e3 Re8 8. Ne2 f5 9. h4 Nd7 10. Nd2 Nf6 11. Nf4 Bd7 12. 0-0 Qc7 13. a4 g6 14. a5 Rab8 15. b4 Bf8 16. Qb1 Bh6 17. Qd3 Rbd8 18. c4 a6 19. Ne2 Ng4 20. Nf4 Nf6 21. Rfc1 Qb8 22. Rab1 Bxf4 23. exf4 d5 24. c5 Ne4 25. Nf1 Re6 26. Re1 Rde8 27. Re3 Qd8 28. Rbe1 Kg7 29. Nd2 R8e7 30. Nf3 h6 31. Bh3 Rf6 32. Kg2 Re8 33. Ne5 g5 34. Nxd7 g4 35. Bxg4 Qxd7 36. Bh3 Rg6 1/2-1/2

[Event "Staufer op 22nd"]
[Site "Schwaebisch Gmuend"]
[Date "2010.01.05"]
[Round "8"]
[White "Rau, Hannes"]
[Black "Haag, Ulrich"]
[Result "1-0"]
[WhiteElo "2466"]
[BlackElo "2134"]
[PlyCount "93"]
[EventDate "2010.01.02"]
[EventType "swiss"]
[EventRounds "9"]
[EventCountry "GER"]
[SourceTitle "CBM 134 Extra"]
[Source "ChessBase"]
[SourceDate "2010.03.03"]
[SourceVersion "1"]
[SourceVersionDate "2010.03.03"]
[SourceQuality "1"]

1. d4 d5 2. c4 c6 3. Nf3 dxc4 4. e3 Be6 5. Nc3 Nf6 6. Ng5 Bd5 7. e4 h6 8. exd5 hxg5 9. dxc6 Nxc6 10. d5 Na5 11. Qa4+ Nd7 12. Bxg5 a6 13. b4 cxb3 14. axb3 b6 15. b4 Qc7 16. Rc1 Nc4 17. Qc6 Rc8 18. Bxc4 Qe5+ 19. Ne2 Rxc6 20. dxc6 b5 21. cxd7+ Kxd7 22. Bf4 Qb2 23. Bxf7 e5 24. Be3 Bxb4+ 25. Kf1 Ke7 26. Bg6 Bd2 27. Bxd2 Qxd2 28. h4 Rc8 29. Re1 b4 30. Rh3 Rd8 31. Re3 Rf8 32. Rxe5+ Kd6 33. Ra5 Qe3 34. Bf5 Qb6 35. Rea1 Ra8 36. Bd3 Kc7 37. Rxa6 Rxa6 38. Rxa6 Qc5 39. Ra1 Qd6 40. Rc1+ Kb6 41. Bb1 Qd2 42. Bg6 b3 43. Rb1 Kc5 44. g3 Qd5 45. Kg1 Qe6 46. Nf4 Qc4 47. Bf5 1-0

[Event "Stuttgart-chA int"]
[Site "Ditzingen"]
[Date "2008.05.04"]
[Round "7"]
[White "Haag, Ulrich"]
[Black "Jussupow, Ekaterina"]
[Result "0-1"]
[WhiteElo "2158"]
[BlackElo "2046"]
[PlyCount "64"]
[EventDate "2008.05.01"]
[EventType "swiss"]
[EventRounds "7"]
[EventCountry "GER"]
[SourceTitle "EXT 2018"]
[Source "ChessBase"]
[SourceDate "2017.10.13"]
[SourceVersion "1"]
[SourceVersionDate "2017.10.13"]
[SourceQuality "1"]

1. d4 Nf6 2. c4 e6 3. Nc3 Bb4 4. Qc2 Nc6 5. Nf3 d6 6. Bg5 h6 7. Bd2 0-0 8. g4 e5 9. g5 hxg5 10. dxe5 dxe5 11. Bxg5 e4 12. Nd2 Nd4 13. Qc1 Qd6 14. a3 Bxc3 15. Qxc3 Ng4 16. Rg1 f6 17. Bh4 Qxh2 18. Rxg4 Bxg4 19. Bg3 Nxe2 20. Bxe2 Qh1+ 21. Nf1 Bxe2 22. Kxe2 Rad8 23. Bxc7 Rd3 24. Qc2 Rf7 25. Ba5 Rfd7 26. Bc3 f5 27. c5 f4 28. c6 bxc6 29. Qb3+ Kh7 30. Qa4 Qf3+ 31. Ke1 e3 32. fxe3 fxe3 0-1

[Event "Stuttgart-chA int"]
[Site "Ditzingen"]
[Date "2008.05.03"]
[Round "6"]
[White "Volk, Werner"]
[Black "Haag, Ulrich"]
[Result "0-1"]
[WhiteElo "1993"]
[BlackElo "2158"]
[PlyCount "114"]
[EventDate "2008.05.01"]
[EventType "swiss"]
[EventRounds "7"]
[EventCountry "GER"]
[SourceTitle "EXT 2018"]
[Source "ChessBase"]
[SourceDate "2017.10.13"]
[SourceVersion "1"]
[SourceVersionDate "2017.10.13"]
[SourceQuality "1"]

1. Nf3 d5 2. d4 c6 3. g3 Nf6 4. Bg2 Bf5 5. 0-0 h6 6. Nbd2 e6 7. c4 Be7 8. Re1 0-0 9. Ne5 Nbd7 10. Qb3 Qc7 11. Ndf3 Bd6 12. Bf4 dxc4 13. Qxc4 Nb6 14. Qc1 Nbd5 15. Bd2 Bb4 16. Bxb4 Nxb4 17. Nh4 Bh7 18. e4 Rad8 19. a3 Na6 20. Qc3 g5 21. Qf3 Kg7 22. Ng4 Nxg4 23. Qxg4 Rxd4 24. Nf3 Rd7 25. Nxg5 hxg5 26. Qxg5+ Bg6 27. e5 Qd8 28. Qg4 Nc5 29. h4 Kh8 30. b4 Nd3 31. Re3 a5 32. Be4 Nxe5 33. Qf4 Rd1+ 34. Kh2 f6 35. Bxg6 Kg7 36. Rxd1 Qxd1 37. h5 Nxg6 38. Qc7+ Rf7 39. h6+ Kg8 40. Qc8+ Nf8 41. Rxe6 Qf1 42. Re8 Qxf2+ 43. Kh3 Qf1+ 44. Kh2 Qc4 45. Qf5 Kh8 46. Qg6 Qe2+ 47. Rxe2 Nxg6 48. bxa5 Ne5 49. Kh3 Kh7 50. g4 Kxh6 51. Kg3 Kg6 52. Re4 Rd7 53. Rb4 Rd3+ 54. Kf4 Rxa3 55. Rxb7 Rxa5 56. Rb8 Ra4+ 57. Ke3 Rxg4 0-1

[Event "Stuttgart-chA int"]
[Site "Ditzingen"]
[Date "2006.05.27"]
[Round "6"]
[White "Al Saleh, Mohammad"]
[Black "Haag, Ulrich"]
[Result "1/2-1/2"]
[WhiteElo "2006"]
[BlackElo "2154"]
[PlyCount "83"]
[EventDate "2006.05.25"]
[EventType "swiss"]
[EventRounds "7"]
[EventCountry "GER"]
[SourceTitle "EXT 2018"]
[Source "ChessBase"]
[SourceDate "2017.10.13"]
[SourceVersion "1"]
[SourceVersionDate "2017.10.13"]
[SourceQuality "1"]

1. e4 e6 2. d4 d5 3. Nc3 Nf6 4. e5 Nfd7 5. f4 c5 6. Nf3 Nc6 7. Be3 a6 8. Qd2 b5 9. Ne2 b4 10. Ng3 Qb6 11. Be2 cxd4 12. Nxd4 Bc5 13. Rd1 0-0 14. 0-0 f6 15. Bg4 Nxd4 16. Bxd4 fxe5 17. fxe5 Rxf1+ 18. Kxf1 a5 19. Qe3 Ba6+ 20. Kg1 Bxd4 21. Rxd4 Rc8 22. Rd3 Qxe3+ 23. Rxe3 Kf7 24. Bh5+ g6 25. Be2 Bxe2 26. Rxe2 Rc4 27. Kf2 h5 28. Ke1 Rg4 29. Nf1 Rg5 30. Nd2 Nxe5 31. Nb3 Nc4 32. Nd4 Ne5 33. h3 h4 34. Kd1 Ke7 35. c3 bxc3 36. bxc3 Kd6 37. Kc2 a4 38. Nb5+ Kd7 39. Nd4 Nc4 40. Nxe6 Rg3 41. Nf4 Ne3+ 42. Kd2 1/2-1/2

[Event "Stuttgart-chA int"]
[Site "Ditzingen"]
[Date "2006.05.25"]
[Round "1"]
[White "Haag, Ulrich"]
[Black "Schmalhofer, Adam"]
[Result "1-0"]
[WhiteElo "2154"]
[BlackElo "1900"]
[PlyCount "67"]
[EventDate "2006.05.25"]
[EventType "swiss"]
[EventRounds "7"]
[EventCountry "GER"]
[SourceTitle "EXT 2018"]
[Source "ChessBase"]
[SourceDate "2017.10.13"]
[SourceVersion "1"]
[SourceVersionDate "2017.10.13"]
[SourceQuality "1"]

1. d4 Nf6 2. c4 g6 3. Nc3 Bg7 4. e4 d6 5. f3 0-0 6. Be3 e5 7. Nge2 exd4 8. Nxd4 Bd7 9. Be2 Nc6 10. 0-0 Ne8 11. Rc1 Nxd4 12. Bxd4 Bxd4+ 13. Qxd4 Qf6 14. Qd2 Bc6 15. b4 b6 16. Nd5 Qd8 17. Qc3 f6 18. Rfd1 Rf7 19. Ne3 Kg7 20. c5 Bb7 21. Bc4 Re7 22. Bb3 bxc5 23. bxc5 Re5 24. Qc4 d5 25. Nxd5 Bxd5 26. Rxd5 Rxd5 27. exd5 Qe7 28. Kf2 Rd8 29. Re1 Qf8 30. Qd4 c6 31. d6 Nc7 32. Qa4 Nb5 33. Re7+ Kh8 34. Qh4 1-0

[Event "Neckar op 1st"]
[Site "Deizisau"]
[Date "1997.??.??"]
[Round "2"]
[White "Haag, Ulrich"]
[Black "Gasthofer, Viktor"]
[Result "1/2-1/2"]
[WhiteElo "2025"]
[BlackElo "2380"]
[PlyCount "66"]
[EventDate "1997.??.??"]
[EventType "swiss"]
[EventRounds "9"]
[EventCountry "GER"]
[SourceTitle "EXT 1999"]
[Source "ChessBase"]
[SourceDate "1998.11.16"]
[SourceVersion "1"]
[SourceVersionDate "1998.11.16"]
[SourceQuality "1"]

1. d4 d5 2. c4 e6 3. Nc3 Nf6 4. cxd5 Nxd5 5. e4 Nxc3 6. bxc3 c5 7. Nf3 cxd4 8. cxd4 Nc6 9. Rb1 Bb4+ 10. Bd2 Bxd2+ 11. Qxd2 0-0 12. Be2 Qf6 13. e5 Qh6 14. Qxh6 gxh6 15. 0-0 Rd8 16. Rfd1 b6 17. Bd3 Bb7 18. Be4 Rab8 19. h3 Ne7 20. Bxb7 Rxb7 21. Rbc1 Nd5 22. g3 b5 23. Nd2 Nb4 24. a3 Nd3 25. Rc3 Nb2 26. Rb1 Na4 27. Rd3 Nc5 28. Rc3 Na6 29. Ne4 Rxd4 30. Nf6+ Kg7 31. Rc8 Rb8 32. Rxb8 Nxb8 33. Rxb5 Nd7 1/2-1/2